01158nam a2200253 a 450000100060000000300080000600500170001400800410003103500190007204000270009104100080011808200250012610000440015124501750019526000450037030000410041550400460045665000320050265100550053494200120058999900170060195201420061895201440076055917BD-RjUL20211209080330.0161123s1944 enkb b 001 0 eng d a(BD-RjUL)56041 aEQOcEQObengdBD-RjUL aeng 223a342.54bCOF 19441 aCoupland, Reginald,d1884-1952.916647114aThe future of India :bthe third part of a report on the constitutional problem in India submitted to the Warden and Fellows of Nuffield College, Oxford /cby R. Coupland aLondon :bOxford University Press,c1944 axiv, 207 p :bmaps, tables ;c22 cm. aIncludes bibliographical notes and index. aConstitutionzIndia9168128 0aIndiaxPolitics and governmenty1919-1947.9125445 2ddccBK c55917d55917 00102ddc40708NFICaRUCLbRUCLcStackd1963-10-21ePak. Law Houseg20.00l0o342.54 COF 1944r2016-11-23 00:00:00tC-2w2021-12-09yBK 00102ddc40718NFICaRUCLbRUCLcReadingd1956-11-17eAllies Book Co.g5.40l0o342.54 COF 1943r2016-12-28 00:00:00tC-1w2016-12-28yBK